| 000 | 00506nam a22001697a 4500 | ||
|---|---|---|---|
| 999 |
_c8669 _d8669 |
||
| 008 | 201209b ||||| |||| 00| 0 eng d | ||
| 040 | _aBMS College of Architecture | ||
| 100 | _aG S, Sushmitha | ||
| 245 | _aCancer Hospice Bangalore | ||
| 300 | _a38p. | ||
| 500 | _a1BM12AT073 | ||
| 502 |
_8B,Arch _NBMS College of Architecture, Visvesvaraya Technological University (VTU) _aProject report _d2016 |
||
| 650 | _aNA | ||
| 700 |
_aBhaghyalaxmi M _eGuide |
||
| 700 |
_aAmresh Hati _eGuide |
||
| 942 |
_2ddc _cTHE |
||